| 000 | 01325nam a2200205Ia 4500 | ||
|---|---|---|---|
| 003 | Ost | ||
| 005 | 20260507074909.0 | ||
| 008 | 260507s9999||||xx |||||||||||||| ||und|| | ||
| 040 | _cfsecg | ||
| 041 | _aara | ||
| 082 | _a336 | ||
| 100 |
_aموسجريف، ريتشارد _eمؤلف |
||
| 245 | 0 |
_aالمالية العامة في النظرية والتطبيق / _c ريتشارد موسجريف |
|
| 260 |
_aالرياض: _bدار المريخ للنشر, _c1992 |
||
| 300 |
_a484 صفحة؛ _bإيضاحات ؛ _c24 سم |
||
| 520 | _aالوظائف المالية، نظرية السلع الإجتماعية العامة، السلع الإجتماعية، نظرية التوزيع الأمثل، الإختيار العام وتسييس المالية، مبادئ تقويم الأنفاق، تقويم الأنفاق، دراسة حالات مقدمة في الضريبة، مناهج العدالة الضريبية، عبء الضريبة والأنفاق، مبادئ العبء الضريبي، مقدمة في الإستقرار، الناتج والعمالة والتضخم، تجربة السياسة المالية، المالية العامة في الدول النامية | ||
| 653 | _aالمالية العامة | ||
| 700 |
_aموسجريف، بيجي _eمؤلف ثانوي |
||
| 942 | _cكتاب | ||
| 999 |
_c41726 _d41726 |
||